Alkali Metals & Earth Metals - Statistics

General Stats
  • This quiz has been taken 50 times
  • The average score is 8 of 12
Answer Stats
Hint Answer % Correct
Alkaline earth metal Beryllium
89%
Alkali metal Lithium
89%
Alkali metal Potassium
89%
Alkaline earth metal Calcium
83%
Alkali metal Sodium
83%
Alkali metal Cesium
72%
Alkaline earth metal Magnesium
72%
Alkali metal Francium
61%
Alkaline earth metal Barium
56%
Alkali metal Rubidium
56%
Alkaline earth metal Radium
50%
Alkaline earth metal Strontium
39%
No matching quizzes found
Score Distribution
Percent of People with Each Score
Percentile by Number Answered
Your Score History
You have not taken this quiz